Tendencias del crecimiento de la población urbana en América Latina

Đã lưu trong:
Chi tiết về thư mục
Tác giả chính: Fox, Robert W.
Định dạng: Texto
Được phát hành: Washington, D.C.: BID
Các nhãn: Thêm thẻ
Không có thẻ, Là người đầu tiên thẻ bản ghi này!

MARC

LEADER 00000 a a2200000 04500
001 20286
003
040 |a CRAI/IIS  |c CRAI/IIS 
090 |a 030100  
100 |a Fox, Robert W.  
245 |a Tendencias del crecimiento de la población urbana en América Latina  
260 |a Washington, D.C.:   |b BID  
300 |a 108 p.   |b **no definido**  
999 |c 2642  |d 2642